000 01156nam a2200205Ia 4500
003 Ost
005 20260507075657.0
008 260507s9999||||xx |||||||||||||| ||und||
040 _cfsecg
041 _aara
082 _a346.086
100 _aالعنبكي، شهاب أحمد جاسم
_eمؤلف
245 0 _aالمبادئ العامة للتأمين /
_c شهاب أحمد جاسم العنبكي
260 _aالاسكندرية:
_bدار الفكر الجامعي,
_c2005
300 _a241 صفحة؛
_bإيضاحات ؛
_c24 سم
504 _aالمراجع ص.223
520 _aالمصطلحات التأمينية الأساسية، التمييز بين التأمين والمقامرة والرهان، عقد التأمين، الخلو من عيوب الادارة، طلب التأمين، أنواع هيئات التأمين، التقسيمات الأساسية للتأمين، المبادئ القانونية لعقد التأمين، المبادئ الفنية لعقد التأمين، المبادئ الأساسية لعقد التأمين.
653 _aالتأمين- قوانين وأنظمة
942 _cكتاب
999 _c45719
_d45719